LEADER 01148nam a2200313 a 4500 001 000000126679 003 CaOOAMICUS 005 20111025123028.0 008 111025s2011 it u000 u ita r 020 $a978-88-10-22155-6 040 $aPUL$bita 082 04$a232.9 100 1 $aPenna, Romano,$d1937-$0(OLS)http://pul/name/11954 245 10$aProfili di Gesù /$cRomano Penna. 260 $aBologna :$bEDB,$c©2011. 300 $a196 p. ;$c21 cm. 490 1 $aCollana biblica 650 04$aCristologia.$0(OLS)http://pul/subject/1402 830 0$aCollana biblica (Edizioni Dehoniane).$0(OLS)http://pul/title/43126 850 $aPUL 852 $aPUL$W1$xSL Religione 3$y85$m232. 9 PENRO 1$j146463$qDDC 21$B145170$CPULBib$Z2$F145170 $H117273 $82 941 1 $a9 960 $aIesus Christus$91402 960 $aIesus Christus$91402 996 $6020$a978-88-10-22155-6$9(OLS)http://pul/number/148233 996 $6082$a232.9$9(OLS)http://pul/classification/575 996 $6245$aProfili di Gesù$9(OLS)http://pul/title/160008 996 $6260$aBologna :$bEDB$9(OLS)http://pul/publisher/56073 LEADER 01453nam a2200337 a 4500 001 000000122754 003 CaOOAMICUS 005 20100825160921.0 008 100825t2010 it u000 u ita r 020 $z978-88-884672585-1* 040 $aPUL$bita$dReb 041 0 $aita$alat 082 04$a171 100 1 $aSpinoza, Benedictus de,$d1632-1677.$0(OLS)http://pul/name/1480 245 10$aEtica /$cBaruch Spinoza ; edizione critica del testo latino e traduzione italiana a cura di Paolo Cristofolini. 260 $aPisa :$bETS,$c©2010. 300 $a365 p. ;$c22 cm. 490 1 $aPhilosophica. Le perle ;$v73 504 $aInlcude riferimenti bibliografici ed indice. 546 $aTraduzione italiana con testo latino a fronte. 650 4$aEtica.$0(OLS)http://pul/subject/547 700 1 $aCristofolini, Paolo,$d1937-$0(OLS)http://pul/name/61730 700 1 $aSpinoza, Benedictus de,$d1632-1677$tEthica$lItaliano.$0(OLS)http://pul/name/77123 830 0$aPhilosophica (ETS)$pLe perle ;$v73.$0(OLS)http://pul/title/154727 850 $aPUL 852 $aPUL$W1$xSL Filosofia 3$y81$m171 SPIBA 1$j140987$qDDC 21$B140067$CPULBib$Z2$F140067 $H114662 $82 941 1 $a9 996 $6020$z978-88-884672585-1*$9(OLS)http://pul/number/145177 996 $6082$a171$9(OLS)http://pul/classification/681 996 $6245$aEtica$9(OLS)http://pul/title/19930 996 $6260$aPisa :$bETS$9(OLS)http://pul/publisher/65234 LEADER 01623nam a2200361 a 4500 001 000000142072 003 CaOOAMICUS 005 20150303132227.0 008 150303s2015 it u000 u ita r 020 $z9788814160752* 040 $aPUL$bita 082 $a347.4507 110 1 $aItalia.$0(OLS)http://pul/name/1188 240 10$aCodice della giustizia amministrativa (2015).$0(OLS)http://pul/title/179840 245 10$aCodice della giustizia amministrativa /$ca cura di Giuseppe Morbidelli ; con il coordinamento di Fabio Cintioli, Federico Freni, Aristide Police. 250 $a3. ed. 260 $aMilano :$bGiuffrè,$c©2015. 300 $aXXXVI, 1809 p. ;$c25 cm 490 1 $aLe fonti del diritto italiano 650 4$aProcedimento amministrativo.$0(OLS)http://pul/subject/38287 700 1 $aMorbidelli, Giuseppe,$d1944-$0(OLS)http://pul/name/78867 700 1 $aCintioli, Fabio.$0(OLS)http://pul/name/91452 700 1 $aFreni, Federico.$0(OLS)http://pul/name/65060 700 1 $aPolice, Aristide.$0(OLS)http://pul/name/43866 830 3$aLe fonti del diritto italiano.$0(OLS)http://pul/title/104091 850 $aPUL 852 $aPUL$W1$xSL Diritto e Scienze Sociali 3$y79$m347. 4507 CINFA 1$j164004$qDDC 21$B164076$CPULBib$Z2$F164076 $H125494 $82 941 1 $a9 996 $6020$z9788814160752*$9(OLS)http://pul/number/157107 996 $6082$a347.4507$9(OLS)http://pul/classification/1875 996 $6245$aCodice della giustizia amministrativa$9(OLS)http://pul/title/70156 996 $6260$aMilano :$bGiuffrè$9(OLS)http://pul/publisher/48401